000 00371nam a2200157Ia 4500
008 230917s9999||||xx |||||||||||||| ||und||
040 _e88080
_aMAIN
041 _aEnglish
082 _a150 E73S
100 _aEysenck, Michael W
245 0 _aSimply Psychology
250 _a2nd ed.
260 _aHove
_bPsychology Press
_c2002
300 _axi, 396 p.
942 _cBK
999 _c113052
_d113052